Score 0/15 Timer 02:00
2 Plays Today
Clue 5-Letter Word % Correct
Something a waiter takes; a command☯ ORDER ☯
98.7%
BeneathUNDER
94.8%
A dairy cow's moneymakerUDDER
90.7%
More unusualODDER
87.2%
Amusement park featuresRIDES
87.2%
Young horses, or an Indianapolis teamCOLTS
83.1%
Online conversations, possibly in a roomCHATS
82.7%
Legislative addendum, or one on horsebackRIDER
82.4%
Clue 5-Letter Word % Correct
Layers of paintCOATS
80.8%
Items listed on an actor's résuméROLES
79.8%
Irritates, annoysRILES
76.9%
Singer Natalie and footballer AshleyCOLES
76.8%
Pandemonium☀ CHAOS ☀
72.1%
One who finishes, or a role for Asa ButterfieldENDER
60%
A large sea duck (known for its down)EIDER
58.2%

Today's Daily Dose

Remove Ads.
Support Sporcle.
Get the best of Sporcle when you Go Orange. This ad-free experience offers more features, more stats, and more fun while also helping to support Sporcle. Thank you for becoming a member.

You're not logged in!

Compare scores with friends on all Sporcle quizzes.
OR
Log In

Show Comments

Extras

Top Quizzes Today


Score Distribution

Your Account Isn't Verified!

In order to create a playlist on Sporcle, you need to verify the email address you used during registration. Go to your Sporcle Settings to finish the process.

Report this User

Report this user for behavior that violates our Community Guidelines.

Details: